• 首页
  • 本馆介绍
  • 公告通知
  • 最新文献
  • 馆藏检索
  • 电子资源
  • 读者导购
  • 参考咨询
  • 我的图书馆
  • 登录
  • 详细信息显示
  • 放入我的书架
  • 预约/预借图书
  • 作者相关作品
  • 分类相关作品
  • 丛书相关作品
  • 出版社相关作品

书目信息

  • 表格格式
  • 工作单格式
  • 卡片格式
题名:
VHDL与可编程逻辑器件应用
    
 
作者: 孙延鹏 , 张芝贤 , 尹常永 编著
分册:  
出版信息: 北京   航空工业出版社  2006
页数: 251页
开本: 26cm
丛书名:
单 册:
中图分类: TP332.1 , TP312
科图分类:
主题词: 可编程序逻辑器件--系统设计 , 硬件描述语言 , 程序设计 , 可编程序逻辑器件 , 系统设计 , 硬件描述语言--程序设计
电子资源:
ISBN: 7-80183-751-7
000 01232nam0 2200361 450
000 01238nam0 2200361 450
000 01170nam0 2200337 450
000 01134nam0 2200325 45
005 20070519084840.01
010    @a7-80183-751-7@dCNY25.00
100    @a20070404d2006 em y0chiy0120 ea
101 0  @achi
102    @aCN@b110000
105    @aa z 000yy
200 1  @aVHDL与可编程逻辑器件应用@AVHDL Yu Ke Bian Cheng Luo Ji Qi Jian Ying Yong@f孙延鹏,张芝贤,尹常永编著@FSun Yan Peng, Zhang Zhi Xian, Yin Chang Yong Bian Zhu
210    @a北京@c航空工业出版社@d2006
215    @a251页@c图@d26cm
300    @a面向21世纪精品教材
330    @a本书从基础、应用、实践三个角度,介绍了EDA技术概况、现代数字系统设计的方法、VHDL基本设计方法、多种厂家的CPLD/FPGA及应用等内容。
606 0  @a可编程序逻辑器件@x系统设计
606 0  @a硬件描述语言
606 0  @a程序设计
606 0  @a可编程序逻辑器件
606 0  @a系统设计
606 0  @a硬件描述语言@x程序设计
610 1  @aVHDL
690    @aTP332.1@v4
690    @aTP312@v4
701  0 @a孙延鹏@ASun Yan Peng@4编著
701  0 @a张芝贤@AZhang Zhi Xian@4编著
701  0 @a尹常永@AYin Chang Yong@4编著
801  0 @aCN@bTAOJIN@c20070519
905    @a10447@dTP312@e534
    
    VHDL与可编程逻辑器件应用/孙延鹏,张芝贤,尹常永编著.-北京:航空工业出版社,2006
    251页:图;26cm
    面向21世纪精品教材
    
    ISBN 7-80183-751-7:CNY25.00
    本书从基础、应用、实践三个角度,介绍了EDA技术概况、现代数字系统设计的方法、VHDL基本设计方法、多种厂家的CPLD/FPGA及应用等内容。
●
相关链接 在E读中查询图书 在五车中查询图书 在当当中查询图书 在豆瓣中查询图书


正题名:VHDL与可编程逻辑器件应用     索取号:TP312/534         预约/预借

序号 登录号 条形码 馆藏地/架位号 状态 备注
1 0522019   205220198   第二样本阅览室/ [索取号:TP312/534] 在馆    
2 0522020   205220205   第三借阅区/ [索取号:TP312/534] 在馆    
3 0522021   205220214   第三借阅区/ [索取号:TP312/534] 在馆    
4 0522022   205220223   第三借阅区/ [索取号:TP312/534] 在馆    
5 0522023   205220232   第三借阅区/ [索取号:TP312/534] 在馆    
6 0522024   205220241   第三借阅区/ [索取号:TP312/534] 在馆    
唐山师范学院图书馆 欢迎您!
大连网信软件有限公司© 版权所有